000 00443nam a2200157Ia 4500
003 LK-CoDNM
008 010623t1950 xxu||||| |||| 00| 1 eng d
040 _aLK-CoDNM
_dLK-CoDNM
_eLK-CoDNM
041 _aeng
080 _a684.4 WHA
245 _aWhat is modern design?,Furniture-Textiles-Pottery-Glass-Lamps-Metalware
260 _bThe Museum of Modern Art
_aNewyork
_c1950
300 _bill,32p., 28 cm
650 _aFurniture
942 _cBK
999 _c101840
_d101840